Vývoj zamestnanosti a miezd v SR za 1. až 3. štvrťrok 1994

Zamestnanosť a miera nezamestnanosti za obdobie január - september 1994. Vývoj miezd v tomto období na Slovensku. Štatistické údaje.

Gespeichert in:
Bibliographische Detailangaben
1. Verfasser: Záhorská, M.
Format: Buchkapitel
Sprache:Slowakisch
Schlagworte:
Tags: Tag hinzufügen
Keine Tags, Fügen Sie das erste Tag hinzu!

MARC

LEADER 00000naa a2200000 4500
001 r017027
005 20221205102544.2
041 0 |a slo 
044 |a SK 
245 1 0 |a Vývoj zamestnanosti a miezd v SR za 1. až 3. štvrťrok 1994  |c M. Záhorská 
520 |a Zamestnanosť a miera nezamestnanosti za obdobie január - september 1994. Vývoj miezd v tomto období na Slovensku. Štatistické údaje. 
610 2 0 |a zamestnanosť 
610 2 0 |a nezamestnanosť 
610 2 0 |a miera nezamestnanosti 
610 2 0 |a mzdy 
610 2 0 |a január-september 
610 2 0 |a 1994 
610 2 0 |a Slovensko 
100 1 |a Záhorská, M.